000 01916nam0a22004451 4500
001 RU\NLR\bibl\346042
005 20250621152434.0
010 _a5-93165-090-3
_bВ пер.
_91000
021 _aRU
_b2002-43986
_92132
035 _a(NLR Aleph) 000340861
090 _a215607
_c215607
100 _a20021121d2002 |||y0rusy50 ca
101 0 _arus
102 _aRU
105 _aa |||||||||
200 1 _aАфганистан
_fСнесарев А. Е
210 _aМ.
_cРус. панорама
_d2002
215 _a270,[1] с.
_cил., карта
_d22
225 1 _aВозвращенное наследие: памятники военной мысли
320 _aИмен. указ.: с. 266-271
320 _aБиблиогр.: с. 264-265
423 0 _12001#$aАфганская хроника$fШумов С. А., Андреев А. Р.$g[Вступ. ст. В. В. Жириновского]
_1700#1$3RU\NLR\auth\7751945$aШумов$bС. А.$f1953-$gСергей Александрович$4070
_1701#1$3RU\NLR\auth\7726696$aАндреев$bА. Р.$cисторик$f1957-$gАлександр Радьевич$4070
_1210##$aМ.$d2002
_1215##$aС. 231-263
_tАфганская хроника
_aШумов, Сергей Александрович (1953-)
607 _aАфганистан
_xИстория
_9910678
_3RU\NLR\auth\6612813
610 0 _aАфганистан - История
610 0 _aАфганистан, история
675 _a94(581)
_v3
_zrus
686 _a03.19
_2rugasnti
686 _a63.3(5Афг)
_2rubbk
686 _aТ3(5Аф)0,02
700 1 _aСнесарев
_bА. Е.
_4070
801 0 _aRU
_bRKP
_c20021121
_gPSBO
801 1 _aRU
_bRKP
_c20021121
801 2 _aRU
_bNLR
_c20081101
_grcr
852 _aNLR
_bОЛСАА-сл-спр
_j3-3831
942 _cBOOK
980 _aNB
980 1 _aSL_SPR
980 _aONL_RF